00442nas a2200121 i 4500001000700000008003400007245001900041260004800060500013500108650001200243650001000255650005500265253450890206s spco || o001 |||  aDescubrimiento aSanto Domingo :bFundación Ciencia y Arte aEl número 9-10 del 1990 está en una sola edición, no se visualiza porque el sistema no acepta dos números en una edición aCiencia aArtes aFundación Ciencia y ArtezPublicaciones seriadas